000 00543nam a2200205Ia 4500
003 OSt
005 20230201121751.0
008 210210b1997 xxu||||| |||| 00| 0 eng d
040 _cAL
041 _aEnglish
082 _a828.02 GHAQ
100 _aGHAI (O P).
_970435
245 _aQuest for perfection
260 _aN D
_bA Sterling Paperback
_c1997
300 _aviii,138
650 _aAttitude Endurance Faith Efficiencies Excellence Perfection
_970436
690 _aEnglish Collections
_970437
906 _a052428
942 _2ddc
_cBK
999 _c100851
_d100851